000 00501nam a2200193Ia 4500
003 OSt
005 20260406160036.0
008 210210b2002 xxu||||| |||| 00| 0 eng d
040 _cAL
041 _aHindi
082 _aH891.4 GOVG
100 _aGOVIND.
_dगोविन्द
_9260351
245 _aGaad-manjusha.
_bगाड्या मंजूषा
260 _aMayura.
_bAmar Prakashan
_c2002
300 _a112
690 _aHindi Prose
_9260352
906 _a057499
942 _2ddc
_cBK
999 _c104815
_d104815